| 000 | 00422 a2200157 4500 | ||
|---|---|---|---|
| 001 | 169238 | ||
| 020 | _a | ||
| 040 | _cMagnum | ||
| 100 | _aTolkmitt, Valda Marcelino | ||
| 240 | 1 | 0 |
_aEducacao fisica numa concepcao sociointeracionista de 5ª a 8ª serie _lpor |
| 245 | 1 | 0 | _aEducacao fisica numa concepcao sociointeracionista de 5ª a 8ª serie |
| 362 | 0 | _a1899 | |
| 440 | 1 | _aMódulo | |
| 697 | _aGERAL | ||
| 942 | _cBK | ||
| 999 |
_c169238 _d169238 |
||